000 00767nam a22002177a 4500
999 _c63940
_d63940
003 Ge_BSU
005 20260226113549.0
008 260226s2015 enk||||| |||| 00| 0 eng d
020 _a 9781906165512x
041 _aeng
080 _a551.5(520) J-24
245 _aJapan Copes with Calamity.
_cEdited by T. Gill, B. Steger and D. Slater.
264 _aOXford
_b Peter Lang Ltd,
_c2015.
300 _a118 p. ;
_b24 cm.
653 _aიაპონია
653 _aბრძოლა კატასტროფასთან
700 _a Gill, Tom
_eრედაქტორი
_926976
700 _aSteger, Brigitte
_eრედაქტორი
_926977
700 _aSlater, David H.
_eრედაქტორი
_926978
942 _2udc
_cᲬᲘᲒᲜᲘ